000 00750nam a2200265Ia 4500
003 OSt
005 20220918175033.0
006 a|||||r|||| 00| 0
007 ta
008 220917b |||||||| |||| 00| 0 eng d
024 _a15,303
037 _cTextual
040 _aARTS
_cARTS
_beng
041 _2eng
_aeng
082 _aO111:g, K8
100 _aHathaway Baxter
_952619
245 0 _aMarvels and common places
_b Renaissance literary criticism
260 _aNew York
_bRandom House
_c1968
300 _aix,209p.
_ccm.
490 _aStudies in language and literatueres
500 _aBibliography 177-82p
650 _aENGLISH LITERATURE
942 _hO111:g, K8
_cTEXL
_2CC
999 _c155726
_d155726